000 00283nam a22001217a 4500
020 _a0-88022-361-8
082 _a005.74 DIT'U
100 _aDITLEA, S
_979599
245 _aUSING WORDSTAR .RELEASE 5
260 _aINDIANA
_bQUE CORPORATION
_c1988
300 _aXXI, 628P
942 _cBK
999 _c584622
_d584622